00847 2200265 4500001002100000005001500021035002500036008004100061020002200102040001700124082001500141084001500156245011400171260003700285300004200322500006800364650004300432700000900475850001200484007000300496090001900499090002100518999002100539990002100560INLIS00000000001057720200225092324 a0010-081500000002015150819t2015 yoi ind d a978-979-29-4797-7 aYOPDYOGbind 223a005.52 a005.52 PAN aPanduan aplikatif dan solusi (PAS) :bMicrosoft Word 2013 untuk sekretaris perkantoran modern /ceditor, Maya aYogyakarta :bAndi Offset,c2015 aix, 228 halaman :bilustrasi ;c23 cm aDiterbitkan atas kerjasama Andi dengan Wahana Komputer Semarang aMicrosoft Word 2013 (Program Komputer) aMaya aYOPDYOGta aDEP 005.52 PAN aCB-D.11 2015-128 aCB-D.11/2015-128 aCB-D.11/2015-128